| 000 | 00950nam a22002417a 4500 | ||
|---|---|---|---|
| 003 | BD-DhSAU | ||
| 005 | 20220926161833.0 | ||
| 008 | 150613b2021 bg a|||| m||| 00| 0 eng d | ||
| 040 | _aBD-DhSAU | ||
| 082 |
_222 _a630.715 _bAk79 |
||
| 100 |
_aAKTAR, MOST. MARTUJA _eRegistration # 19-10020 |
||
| 245 |
_aAssessing the contribution of haribhanga mango
gardening on farm income / _bMS thesis |
||
| 260 |
_aSher-e-Bangla Agricultural University : _bDepartment of Agricultural extension and information system, _cJune, 2021 |
||
| 300 |
_axii, 45p.: _bill. , ; _c30 cm. |
||
| 504 | _aIncludes bibliographical reference. | ||
| 590 | _aNazmul | ||
| 650 | _acontribution of haribhanga | ||
| 650 | _amango gardening | ||
| 700 |
_aDr. Md. Rafiquel Islam _eSuperviser |
||
| 700 |
_aDr. Muhammad Humayun Kabir _eCo-superviser |
||
| 856 | _u http://archive.saulibrary.edu.bd:8080/xmlui/handle/123456789/4184 | ||
| 942 |
_2ddc _cTHESIS |
||
| 999 |
_c16053 _d16052 |
||